Name The FNAF Charaters Part 2 - Statistics

General Stats
  • This quiz has been taken 7 times
    5 since last reset
  • The average score is 79 of 343
Answer Stats
From Type Answer % Correct
Sister Location Funtime Ballora
67%
Sister Location Funtime Bidybab
67%
Sister Location Funtime Bon Bon
67%
Sister Location Funtime Bonnet
67%
Pizzeria Simulator Trash and the Gang Bucket Bob
67%
Sister Location Funtime Circus Baby
67%
Pizzeria Simulator | Security Breach Other El Chip
67%
Sister Location Funtime Electrobab
67%
Sister Location Amalgamation Ennard
67%
Pizzeria Simulator Vendor Fruit Punch Clown
67%
Pizzeria Simulator Funtime Funtime Chica
67%
Sister Location Funtime Funtime Foxy
67%
Sister Location Funtime Funtime Freddy
67%
Pizzeria Simulator Mediocre Melody Happy Frog
67%
Pizzeria Simulator Rockstar Lefty
67%
Pizzeria Simulator Vendor Lemonade Clown
67%
Sister Location Funtime Lolbit
67%
Sister Location Funtime Minireena
67%
Pizzeria Simulator Scrap Molten Freddy
67%
Pizzeria Simulator Trash and the Gang Mr. CanDo
67%
Pizzeria Simulator Mediocre Melody Mr. Hippo
67%
Pizzeria Simulator Trash and the Gang Mr. Hugs
67%
Pizzeria Simulator Music Man Music Man
67%
Pizzeria Simulator Mediocre Melody Nedd Bear
67%
Pizzeria Simulator Trash and the Gang No.1 Crate
67%
Pizzeria Simulator Mediocre Melody Orville Elephant
67%
Pizzeria Simulator Trash and the Gang PanStan
67%
Pizzeria Simulator Mediocre Melody Pigpatch
67%
Pizzeria Simulator Rockstar Rockstar Bonnie
67%
Pizzeria Simulator Rockstar Rockstar Chica
67%
Pizzeria Simulator Rockstar Rockstar Foxy
67%
Pizzeria Simulator Rockstar Rockstar Freddy
67%
Pizzeria Simulator Scrap Scrap Baby
67%
Pizzeria Simulator Scrap Scraptrap
67%
Pizzeria Simulator Vendor Security Puppet
67%
Novel Trilogy Twisted Twisted Bonnie
67%
Novel Trilogy Twisted Twisted Chica
67%
Novel Trilogy Twisted Twisted Foxy
67%
Novel Trilogy Twisted Twisted Freddy
67%
Novel Trilogy Twisted Twisted Wolf
67%
Novel Trilogy Amalgamations Amalgamation
33%
Novel Trilogy Funtime Baby Crawler
33%
Secret of the Mimic Puppet Crew Bawson
33%
Secret of the Mimic Mascot Suits Birthday Puppy Suit
33%
Secret of the Mimic Springlock Bub
33%
Security Breach Springlock Hybrid Burntrap
33%
Pizzeria Simulator Vendor Candy Cadet
33%
Secret of the Mimic Mascot Suits Chef Penguin Suit
33%
Ultimate Custom Night Toy Custom Night Balloon Boy
33%
Ultimate Custom Night Funtime Custom Night Ballora
33%
Ultimate Custom Night Funtime Custom Night Bidybab
33%
Ultimate Custom Night Funtime Custom Night Bon-Bon
33%
Ultimate Custom Night Funtime Custom Night Bonnet
33%
Ultimate Custom Night Classic Custom Night Bonnie
33%
Ultimate Custom Night Trash and the Gang Custom Night Bucket Bob
33%
Ultimate Custom Night Amalgamation Custom Night Candy Cadet
33%
Ultimate Custom Night Classic Custom Night Chica
33%
Ultimate Custom Night Funtime Custom Night Circus Baby
33%
Ultimate Custom Night Toy Custom Night Dee-Dee
33%
Ultimate Custom Night Classic Custom Night Foxy
33%
Ultimate Custom Night Classic Custom Night Freddy Fazbear
33%
Ultimate Custom Night Funtime Custom Night Funtime Chica
33%
Ultimate Custom Night Funtime Custom Night Funtime Foxy
33%
Ultimate Custom Night Classic Custom Night Golden Freddy
33%
Ultimate Custom Night Mediocre Melody Custom Night Happy Frog
33%
Ultimate Custom Night Jack-O-Nightmare Custom Night Jack-O-Chica
33%
Ultimate Custom Night Toy Custom Night JJ
33%
Ultimate Custom Night Rockstar Custom Night Lefty
33%
Ultimate Custom Night Funtime Custom Night Lolbit
33%
Ultimate Custom Night Toy Custom Night Mangle
33%
Ultimate Custom Night Toy Custom Night Marionette
33%
Ultimate Custom Night Scrap Custom Night Molten Freddy
33%
Ultimate Custom Night Trash and the Gang Custom Night Mr. Can-Do
33%
Ultimate Custom Night Mediocre Melody Custom Night Mr. Hippo
33%
Ultimate Custom Night Trash and the Gang Custom Night Mr. Hugs
33%
Ultimate Custom Night Music Man Custom Night Music Man
33%
Ultimate Custom Night Mediocre Melody Custom Night Nedd Bear
33%
Ultimate Custom Night Nightmare Custom Night Nightmare
33%
Ultimate Custom Night Nightmare Custom Night Nightmare Balloon Boy
33%
Ultimate Custom Night Nightmare Custom Night Nightmare Bonnie
33%
Ultimate Custom Night Nightmare Custom Night Nightmare Chica
33%
Ultimate Custom Night Nightmare Custom Night Nightmare Fredbear
33%
Ultimate Custom Night Nightmare Custom Night Nightmare Freddy
33%
Ultimate Custom Night Nightmare Custom Night Nightmare Mangle
33%
Ultimate Custom Night Trash and the Gang Custom Night No.1 Crate
33%
Ultimate Custom Night Mediocre Melody Custom Night Orville Elephant
33%
Ultimate Custom Night Trash and the Gang Custom Night PanStan
33%
Ultimate Custom Night Phantom Custom Night Phantom Balloon Boy
33%
Ultimate Custom Night Phantom Custom Night Phantom Freddy
33%
Ultimate Custom Night Phantom Custom Night Phantom Mangle
33%
Ultimate Custom Night Mediocre Melody Custom Night Pigpatch
33%
Ultimate Custom Night Rockstar Custom Night Rockstar Bonnie
33%
Ultimate Custom Night Rockstar Custom Night Rockstar Chica
33%
Ultimate Custom Night Rockstar Custom Night Rockstar Foxy
33%
Ultimate Custom Night Rockstar Custom Night Rockstar Freddy
33%
Ultimate Custom Night Shadow Custom Night RWQFSFASXC
33%
Ultimate Custom Night Scrap Custom Night Scrap Baby
33%
Ultimate Custom Night Scrap Custom Night Scraptrap
33%
Ultimate Custom Night Unclassified Custom Night spring trap
33%
Ultimate Custom Night Toy Custom Night Toy Bonnie
33%
Ultimate Custom Night Toy Custom Night Toy Chica
33%
Ultimate Custom Night Toy Custom Night Toy Freddy
33%
Secret of the Mimic Demo-Tronic Show Stage Diving Seal
33%
Security Breach Music Man DJ Music Man
33%
Security Breach RUIN Daycare Attendant Eclipse
33%
Secret of the Mimic Mascot Suits Elephant Suit
33%
Secret of the Mimic Puppet Crew First Mate Foxy
33%
Secret of the Mimic Mascot Suits Foam Birthday Puppy Suit
33%
Secret of the Mimic Mascot Suits Foam Elephant Suit
33%
Secret of the Mimic Mascot Suits Foam Penguin Suit
33%
Secret of the Mimic Mascot Suits Foam Swing Bee Suit
33%
Pizzeria Simulator Funtime Funtime Cupcake
33%
Security Breach Glamrock Glamrock Bonnie
33%
Security Breach Glamrock Glamrock Chica
33%
Security Breach RUIN Glamrock Glamrock Foxy
33%
Security Breach Glamrock Glamrock Freddy
33%
Security Breach Glamrock Glamrock Helpy
33%
Security Breach Glamrock Glamrock Mr. Hippo
33%
Secret of the Mimic Mascot Suits Green Swing Bee Suit
33%
Pizzeria Simulator Vendor Gumball Swivelhands
33%
Sister Location A.I HandUnit
33%
Security Breach RUIN A.I. Helpi
33%
Pizzeria Simulator | Security Breach A.I. Helpy
33%
Secret of the Mimic Jugband Jugband Hippo
33%
Secret of the Mimic Jugband Jugband Monty
33%
Secret of the Mimic Puppet Crew Kit
33%
Secret of the Mimic Mascot Suits Ladybug Swing Bee Suit
33%
Security Breach RUIN S.T.A.F.F. Bots Mask Bot
33%
Security Breach Glamrock Montgomery Gator
33%
Security Breach Daycare Attendant MoonDrop
33%
Security Breach S.T.A.F.F. Bots Mop Bots
33%
Secret of the Mimic Helper Mr. Helpful
33%
Secret of the Mimic Helper Mrs. Helpful
33%
Security Breach RUIN A.I. M.X.E.S.
33%
Novel Trilogy Classic Novel Bonnie the Rabbit
33%
Novel Trilogy Classic Novel Chica the Chicken
33%
Novel Trilogy Funtime Novel Circus Baby
33%
Novel Trilogy Electronic Toys Novel Ella
33%
Novel Trilogy Classic Novel Foxy the Pirate
33%
Novel Trilogy Springlock Hybrids Novel Fredbear
33%
Novel Trilogy Classic Novel Freddy Fazbear
33%
Novel Trilogy Funtime Novel Funtime Foxy
33%
Novel Trilogy Funtime Novel Funtime Freddy
33%
Novel Trilogy Unclassified Novel Golden Freddy
33%
Novel Trilogy Cupcake Novel Mr. Cupcake
33%
Novel Trilogy Springlock Hybrids Novel Spring Bonnie
33%
Secret of the Mimic Mascot Suits Party Time Chica
33%
Secret of the Mimic Mascot Suits Pink Elephant Suit
33%
Secret of the Mimic Mascot Suits Pink Penguin Suit
33%
Tales from the Pizzaplex Unclassified Pizzaplex Ballora
33%
Tales from the Pizzaplex Classic Pizzaplex Bonnie the Rabbit
33%
Tales from the Pizzaplex Classic Pizzaplex Chica the Chicken
33%
Tales from the Pizzaplex Classic Pizzaplex Foxy the Pirate
33%
Tales from the Pizzaplex Classic Pizzaplex Freddy Fazbear
33%
Tales from the Pizzaplex Funtime Pizzaplex Funtime Foxy
33%
Tales from the Pizzaplex Glamrock Pizzaplex Glamrock Chica
33%
Tales from the Pizzaplex Glamrock Pizzaplex Glamrock Freddy
33%
Tales from the Pizzaplex Glamrock Pizzaplex Montgomery Gator
33%
Tales from the Pizzaplex Cupcake Pizzaplex Mr. Cupcake
33%
Tales from the Pizzaplex Mediocre Melodies Pizzaplex Mr. Hippo
33%
Tales from the Pizzaplex Nightmare Pizzaplex Nightmare Bonnie
33%
Tales from the Pizzaplex Nightmare Pizzaplex Nightmare Chica
33%
Tales from the Pizzaplex Nightmare Pizzaplex Nightmare Foxy
33%
Tales from the Pizzaplex Nightmare Pizzaplex Nightmare Freddy
33%
Tales from the Pizzaplex Mediocre Melodies Pizzaplex Orville Elephant
33%
Tales from the Pizzaplex Glamrock Pizzaplex Roxanne Wolf
33%
Secret of the Mimic Classic Prototype Prototype Bonnie
33%
Secret of the Mimic Classic Prototype Prototype Chica
33%
Secret of the Mimic Classic Prototype Prototype Cupcake
33%
Secret of the Mimic Classic Prototype Prototype Foxy
33%
Secret of the Mimic Prototype Prototype Fredbear
33%
Secret of the Mimic Springlock Prototype Freddy
33%
Secret of the Mimic Classic Prototype Prototype Spring Bonnie
33%
Secret of the Mimic Puppet Crew Puppet Roxy
33%
Secret of the Mimic Demo-Tronic Show Stage Rocktapus
33%
Security Breach Glamrock Roxanne Wolf
33%
Security Breach RUIN Ruined Ruined Chica
33%
Security Breach RUIN Ruined Ruined Monty
33%
Security Breach RUIN Ruined Daycare Attendant Ruined Moondrop
33%
Security Breach RUIN Ruined Ruined Roxy
33%
Security Breach RUIN Ruined Daycare Attendant Ruined Sunrise
33%
Security Breach RUIN Music Man Ruined Wind Up Music Man
33%
Security Breach RUIN Shattered Shattered Bonnie
33%
Security Breach Shattered Shattered Montgomery Gator
33%
Security Breach Shattered Shattered Roxanne Wolf
33%
Secret of the Mimic Mascot Suits Shirtless Birthday Puppy Suit
33%
Novel Trilogy Electronic Toys Stanley
33%
Security Breach Daycare Attendant Sunrise
33%
Secret of the Mimic Demo-Tronic Show Stage Swing Bee
33%
Secret of the Mimic Mascot Suits Swing Bee Suit
33%
Security Breach RUIN Endoskeleton The Mimic
33%
Novel Trilogy Electronic Toys Theodore
33%
Security Breach Amalgamation The Tangle
33%
Security Breach Music Man Wind Up Music Man
33%
Ultimate Custom Night Toy XOR
33%
Security Breach S.T.A.F.F. Bots Alien Bots
0%
Secret of the Mimic Demo-Tronic Show Stage Astronaut Monkey
0%
Security Breach S.T.A.F.F. Bots Attendant Bots
0%
Tales from the Pizzaplex Unclassified B-7
0%
Secret of the Mimic Music Man Big Top
0%
Secret of the Mimic Demo-Tronic Show Stage Birthday Cake
0%
Secret of the Mimic Demo-Tronic Show Stage Birthday Hats
0%
Secret of the Mimic Demo-Tronic Show Stage Birthday Puppy
0%
Security Breach S.T.A.F.F. Bots Blue Helmet Fizz Bots
0%
Secret of the Mimic Mascot Suits Blue Mycellium Men Suit
0%
Novel Trilogy Springlock Hybrids Blue Springlock Suit
0%
Security Breach S.T.A.F.F. Bots Broken Attendant Bots
0%
Security Breach S.T.A.F.F. Bots Broken Magician Bot
0%
Security Breach S.T.A.F.F. Bots Broken Nanny Bot
0%
Security Breach S.T.A.F.F. Bots Broken Server Bot
0%
Secret of the Mimic Mascot Suits Brown Sharpay Suit
0%
Tales from the Pizzaplex Electronic Toys Buddytronic Dolls
0%
Secret of the Mimic Springlock Captain Springlock
0%
Secret of the Mimic Demo-Tronic Show Stage Carter Carterpillar
0%
Novel Trilogy Unclassified Charlie's Project Heads
0%
Secret of the Mimic Cleaning Bot Clean-O-Vac
0%
Security Breach S.T.A.F.F. Bots Comedy Bot
0%
Ultimate Custom Night Unclassified Custom Night El Chip
0%
Ultimate Custom Night Unclassified Custom Night Fredbear
0%
Ultimate Custom Night A.I Custom Night Helpy
0%
Ultimate Custom Night Funtime Custom Night Minireenas
0%
Ultimate Custom Night Nightmare Custom Night Nightmarionne
0%
Ultimate Custom Night Unclassified Custom Night Old Man Consequences
0%
Ultimate Custom Night Unclassified Custom Night Plushtrap
0%
Ultimate Custom Night Withered Custom Night Withered Bonnie
0%
Ultimate Custom Night Withered Custom Night Withered Chica
0%
Secret of the Mimic Mascot Suits Dalmation Sharpay Suit
0%
Secret of the Mimic Demo-Tronic Show Stage Dancing Poodle
0%
Tales from the Pizzaplex Waterpark Delilah the Mermaid
0%
Secret of the Mimic Demo-Tronic Show Stage Digi-Typer
0%
Secret of the Mimic Other Dollie
0%
Security Breach A.I. Dread Unit
0%
Security Breach S.T.A.F.F. Bots Driver Assist Bots
0%
Novel Trilogy Electronic Toys Electronic Frog Toy
0%
Secret of the Mimic Mascot Elephant Mascot
0%
Security Breach RUIN Mascot Suits Elephant Mascot Suit
0%
Tales from the Pizzaplex Bobbiedots Elizabeth
0%
Security Breach S.T.A.F.F. Bots Fizz Bots
0%
Secret of the Mimic Mascot Suits Foam Hedgehog Hudgie Suit
0%
Secret of the Mimic Mascot Suits Foam Lion Suit
0%
Secret of the Mimic Mascot Suits Foam Mycellium Men Suit
0%
Secret of the Mimic Mascot Suits Foam Sharpay Suit
0%
Tales from the Pizzaplex Waterpark Frank the Diver
0%
Tales from the Pizzaplex Bobbiedots Gemini
0%
Security Breach | Security Breach RUIN Glamrock Glamrock Endo
0%
Secret of the Mimic Mascot Suits Green Hedgehog Hudgie Suit
0%
Secret of the Mimic Mascot Suits Green Jester Suit
0%
Secret of the Mimic Mascot Suits Green Mycellium Men Suit
0%
Tales from the Pizzaplex Waterpark Hank the Hammer
0%
Tales from the Pizzaplex Unclassified HAPPS
0%
Security Breach S.T.A.F.F. Bots Headless Driver Assist Bots
0%
Security Breach RUIN Shattered Headless Shattered Freddy
0%
Secret of the Mimic Mascot Suits Hippie Lyrical Lemur suit
0%
Security Breach Cameo Ignited Bonnie
0%
Security Breach Cameo Ignited Freddy
0%
Security Breach S.T.A.F.F. Bots Instructor Bot
0%
Tales from the Pizzaplex Bobbiedots Isabella
0%
Secret of the Mimic Other Jackie
0%
Secret of the Mimic Mascot Suits Jester Suit
0%
Secret of the Mimic Demo-Tronic Show Stage Juggling Duck
0%
Tales from the Pizzaplex Unclassified Lally
0%
Secret of the Mimic Demo-Tronic Show Stage Lasso Pig
0%
Secret of the Mimic Mascot Lion Mascot
0%
Security Breach RUIN Mascot Suits Lion Mascot Suit
0%
Secret of the Mimic Mascot Suits Lion Suit
0%
Survival Logbook Scrapped Logbook Chica
0%
Secret of the Mimic Mascot Suits Lyrical Lemur Suit
0%
Tales from the Pizzaplex Waterpark Mac the Muscle
0%
Security Breach S.T.A.F.F. Bots Magician Bot
0%
Security Breach S.T.A.F.F. Bots Map Bot
0%
Tales from the Pizzaplex Waterpark Marco the Serpent
0%
Security Breach RUIN Mascot Suits Mascot Suit
0%
Secret of the Mimic Mascot Suits Mime Lyrical Lemur Suit
0%
Tales from the Pizzaplex Unclassified Mini Bot 5000
0%
Sister Location Funtime Minireena 2
0%
Secret of the Mimic Mascot Suits Monochrome Jester Suit
0%
Tales from the Pizzaplex Unclassified Moondrop Hologram
0%
Secret of the Mimic Demo-Tronic Show Stage Mr. Frog
0%
Secret of the Mimic Demo-Tronic Show Stage Mrs. Frog
0%
Security Breach S.T.A.F.F. Bots Nanny Bot
0%
Tales from the Pizzaplex Unclassified Nanobot
0%
Tales from the Pizzaplex Electronic Toys Nexie
0%
Security Breach S.T.A.F.F. Bots Nightmarionne Bots
0%
Novel Trilogy Unclassified Novel Balloon Boy
0%
Tales from the Pizzaplex Bobbiedots Olive
0%
Secret of the Mimic Mascot Suits Orange Elephant Suit
0%
Secret of the Mimic Mascot Suits Orange Mycellium Men Suit
0%
Secret of the Mimic Mascot Suits Pajama Birthday Puppy Suit
0%
Security Breach S.T.A.F.F. Bots Party Bots
0%
Tales from the Pizzaplex Unclassified Penguin
0%
Secret of the Mimic Mascot Penguin Mascot
0%
Security Breach RUIN Mascot Suits Penguin Mascot Suit
0%
Secret of the Mimic Mascot Suits Penguin Suit
0%
Secret of the Mimic Mascot Suits Pink Mycellium Men Suit
0%
Security Breach S.T.A.F.F. Bots Pizza Bot
0%
Tales from the Pizzaplex Unclassified Pizzaplex Alien Bot
0%
Tales from the Pizzaplex Funtime Pizzaplex Bon-Bon
0%
Tales from the Pizzaplex Unclassified Pizzaplex DJ Music Man
0%
Tales from the Pizzaplex Unclassified Pizzaplex Golden Freddy
0%
Tales from the Pizzaplex Endoskeletons Pizzaplex Mimic
0%
Tales from the Pizzaplex Unclassified Pizzaplex Puppet
0%
Tales from the Pizzaplex Springlock Suits Pizzaplex Springtrap
0%
Tales from the Pizzaplex Waterpark Polo the Serpent
0%
Secret of the Mimic Mascot Suits Purple Hedgehog Hudgie Suit
0%
Secret of the Mimic Mascot Suits Red Hedgehog Hudgie Suit
0%
Secret of the Mimic Mascot Suits Red Lion Suit
0%
Secret of the Mimic Puppet Crew Renard
0%
Secret of the Mimic Demo-Tronic Show Stage Ringmaster Rat
0%
Tales from the Pizzaplex Bobbiedots Rose
0%
Security Breach RUIN Ruined Ruined Eclipse
0%
Security Breach S.T.A.F.F. Bots Security Bots
0%
Security Breach S.T.A.F.F. Bots Server Bot
0%
Secret of the Mimic Mascot Suits Sharpay Suit
0%
Security Breach Shattered Shattered Glamrock Chica
0%
Security Breach Shattered Shattered Glamrock Freddy
0%
Secret of the Mimic Mascot Suits Sleepy Moon
0%
Tales from the Pizzaplex Waterpark Sly the Shark
0%
Secret of the Mimic Demo-Tronic Show Stage Snail
0%
Tales from the Pizzaplex Unclassified Snake
0%
Tales from the Pizzaplex Unclassified Snodgrass Family
0%
Tales from the Pizzaplex Unclassified Spider
0%
Secret of the Mimic Springlock Springlock Monty
0%
Tales from the Pizzaplex Unclassified Squid
0%
Novel Trilogy Unclassified Suicide Bot
0%
Secret of the Mimic Other The Mannequins
0%
Secret of the Mimic Endoskeleton The Mimic
0%
Secret of the Mimic Endoskeleton The Protomimic A
0%
Secret of the Mimic Protomimic The Protomimic B
0%
Secret of the Mimic Protomimic The Protomimic C
0%
Secret of the Mimic Protomimic The Protomimic D
0%
Secret of the Mimic Protomimic The Protomimic E
0%
Tales from the Pizzaplex Bobbiedots Victoria
0%
Secret of the Mimic Other Welcome Show Camera
0%
Security Breach S.T.A.F.F. Bots Wet Floor Sign Bot
0%
Tales from the Pizzaplex Unclassified Whale
0%
Secret of the Mimic Mascot Suits White Lion Suit
0%
Secret of the Mimic Mascot Suits White Tiger
0%
Secret of the Mimic Demo-Tronic Show Stage Xylophone Snake
0%
Sister Location Funtime Yenndo
0%
Tales from the Pizzaplex Waterpark Zeus the Sea Dragon
0%
No matching quizzes found
Score Distribution
Percent of People with Each Score
Percentile by Number Answered
Your Score History
You have not taken this quiz since the last reset